JavaScript kompletní průvodce

Salvato in:
Dettagli Bibliografici
Autore principale: Flanagan, David
Natura: Libro
Lingua:ceco
inglese
Pubblicazione: Praha Computer Press 2002
Edizione:2. aktualiz. vyd.
Soggetti:
Accesso online:Visualizza in OPAC
Tags: Aggiungi Tag
Nessun Tag, puoi essere il primo ad aggiungerne!!

MARC

LEADER 00000nam a2200000 a 4500
005 20260127134153.0
008 051215 2002 xr a 001 0 cze c
020 |a 8072266268 (viaz.) 
035 |a vtls008418705 
039 9 |a 200906081648  |b mkuuk10  |c 200906081648  |d mkuuk10  |y 200512150922  |z mschk03 
040 |a STUSCHK1  |b slo  |c STUSCHK1  |e AACR2 
041 1 |a cze  |h eng 
044 |a xr  |c CZ 
072 7 |a 004.4/.6  |x Programové vybavenie. Programové prostriedky  |2 konspekt 
080 |a 004.438JavaScript  |2 2001 
080 |a 004.432.2  |2 2001 
080 |a 004.738.52  |2 2001 
080 |a (035)  |2 2001 
100 1 |a Flanagan, David 
245 1 |a JavaScript  |b kompletní průvodce  |c David Flanagan ; [překlad z anglického originálu ... Karel Voráček, David Krásenský] 
250 |a 2. aktualiz. vyd. 
260 |a Praha  |b Computer Press  |c 2002 
300 |a 825 s.  |b il.  |c 23 cm 
504 |a Obsahuje registre 
650 0 7 |a skriptové jazyky  |2 SNKPH 
650 0 7 |a WWW stránky  |2 SNKPH 
655 7 |a príručky  |2 SNKPH 
910 |a SCHK95 
910 |a kuruk 
919 |a 80-7226-626-8 
999 |c 5731  |d 5731